| 000 | 00701nam a22002057a 4500 | ||
|---|---|---|---|
| 003 | DO-SdBNP | ||
| 005 | 20220520105048.0 | ||
| 007 | ta | ||
| 008 | 110301s201u sp ac 000 0 spa d | ||
| 040 |
_aDO-SdBNP _bspa _cBNPHU |
||
| 082 | 4 |
_axxxx _bxxx |
|
| 100 | 1 |
_aLópez Melús, Rafael María _953018 |
|
| 245 | 1 | 0 |
_aBodas de oro de la fundación del Carmelo Masculino en República Dominicana : _b(1963-2013) / _cRafael María López Melús ; presentación Luis Gallardo Gamuza |
| 260 |
_a[España] : _b[Amacar], _c[2013]. |
||
| 300 |
_a157 p. : _bil., retr. _c24 cm. |
||
| 590 | _aInventariado, 2022/ YL | ||
| 700 | 1 | 2 |
_aGallardo Gamuza, Luis _epres. _981653 |
| 910 | _aYLockward | ||
| 942 |
_2ddc _cLBS1 |
||
| 999 |
_c51778 _d51778 |
||